Statistics for Bordering Countries Forming Words #2

Click here to take the quiz!

General Stats

  • This quiz has been taken 23,578 times
    (19,564 since last reset)
  • The average score is 23 of 28

Answer Stats

HintAnswer% Correct
BUSHHungary
89%
BUSHSlovakia
89%
GASPSlovakia
89%
TUSKKenya
88%
SEEKKenya
88%
SEEKEthiopia
87%
GASPGermany
87%
TUSKUganda
87%
GASPAustria
86%
SEEKEritrea
86%
SEEKSudan
86%
LIESSudan
86%
GASPPoland
85%
BUSHUkraine
85%
BUSHBelarus
83%
LIESEgypt
82%
STAGTurkey
82%
TUSKTanzania
81%
CABSBrazil
80%
CABSArgentina
79%
STAGArmenia
78%
STAGGeorgia
78%
CABSChile
77%
LIESIsrael
76%
TUSKSouth Sudan
76%
CABSSuriname
76%
LIESLebanon
75%
STAGSyria
75%

Score Distribution

Percentile by Number Answered

Percent of People with Each Score

Your Score History

You have not taken this quiz since the last reset